A bloody dawn : the Irish at D-Day /

Bibliographic Details
Main Author: Harvey, Dan, 1959- (Author)
Format: Book
Language:English
Published: Newbridge, County Kildare, Ireland : Merrion Press, 2019.
Subjects:

MARC

Tag First Indicator Second Indicator Subfields
LEADER 00000cam a2200000Ii 4500
001 in00004173003
005 20200117104148.0
008 181203s2019 ie abf b 001 0 eng d
010 |a  2019393932 
020 |a 9781785372414  |q (paperback) 
020 |a 1785372416  |q (paperback) 
020 |z 9781785372421  |q (Kindle) 
020 |z 9781785372438  |q (Epub) 
020 |z 9781785372445  |q (PDF) 
035 |a (OCoLC)on1076737251 
040 |a YDX  |e rda  |c YDX  |d EMU  |d PPN  |d GUA  |d NYP  |d UtOrBLW 
043 |a e-fr---  |a e-ie--- 
049 |a TXAM 
050 4 |a D756.5.N6  |b H32 2019 
082 0 |a 940.54/21421 
100 1 |a Harvey, Dan,  |d 1959-  |e author.  |0 http://id.loc.gov/authorities/names/nr98038433 
245 1 2 |a A bloody dawn :  |b the Irish at D-Day /  |c Dan Harvey. 
264 1 |a Newbridge, County Kildare, Ireland :  |b Merrion Press,  |c 2019. 
300 |a xix, 191 pages, 8 unnumbered pages of plates :  |b illustrations, maps ;  |c 24 cm. 
336 |a text  |b txt  |2 rdacontent 
336 |a still image  |b sti  |2 rdacontent 
336 |a cartographic image  |b cri  |2 rdacontent 
337 |a unmediated  |b n  |2 rdamedia 
338 |a volume  |b nc  |2 rdacarrier 
504 |a Includes bibliographical references (pages 158-159) and index. 
650 0 |a Operation Overlord.  |0 http://id.loc.gov/authorities/subjects/sh85095004 
650 0 |a World War, 1939-1945  |x Campaigns  |z France  |z Normandy.  |0 http://id.loc.gov/authorities/subjects/sh85148319 
651 0 |a Ireland  |x History, Military  |y 20th century. 
945 |b 191774 
947 |a A14850838773 
948 |a cataloged  |b h  |c 2019/10/23  |d c  |e dmitchel  |f 3:20:10 pm 
994 |a 92  |b TXA 
999 f f |s d7c8b4ed-961b-3bf7-9a8b-86476fc857ed  |i d0ec74c1-a730-3a5b-8422-a4299f97debf  |t 0 
952 f f |p normal  |a Texas A&M University  |b College Station  |c Sterling C. Evans Library  |d Evans: Library Stacks  |t 0  |e D756.5.N6 H32 2019  |h Library of Congress classification  |i unmediated -- volume  |m A14850838773 
998 f f |a D756.5.N6 H32 2019  |t 0  |l Evans: Library Stacks